000 00763nam a2200241Ia 4500
003 OSt
005 20221005113211.0
006 a|||||r|||| 00| 0
007 ta
008 221004b |||||||| |||| 00| 0 pan d
020 _c170
024 _a106141
037 _b505, 02/02/2011, H.K. Prakashan
_cTextual
040 _aCRL
_cCRL
_bpan
041 _2pan
_apan
082 _aT:3(G:55), 153P9
100 _aਸੋਬਤੀ, ਸਰੋਜ
245 0 _aਵਾਤਾਵਰਣ ਸਿਖਿਆ
260 _aਪਟਿਆਲਾ
_b21 ਸੈੰਚੂਰੀ ਭਾਰਤ
_c2009
300 _a300ਪੰ
_ccm.
942 _hT:3(G:55), 153P9
_cTEXL
_2cc
999 _c1027368
_d1027368